General Knowledge #16 - Statistics

General Stats
  • This quiz has been taken 47 times
  • The average score is 10 of 20
Answer Stats
Question Answer % Correct
What came first, this or an egg? Chicken
93%
Who created Facebook? Mark Zuckerberg
86%
The Parthenon was dedicated to which Greek goddess Athena
74%
An arsonist sets what? Fires
74%
Fish use what organ to breathe? Gills
72%
The Trans-Siberian Railway connects these two cities. Moscow
72%
What Asian plant is the world's tallest grass? Bamboo
58%
This city was the capital of West Germany. Bonn
58%
Vladimir Putin practices what form of martial arts? Judo
58%
Sir Galahad sought what religious artifact? Holy Grail
53%
Death
47%
Famine
44%
What is the colloquial name for Polaris? North Star
44%
Vladivostok
44%
The Eiffel Tower was constructed for what international event? World's Fair
35%
Charlemagne led this tribe. Franks
33%
Name the 1086 survey of England. Domesday Book
30%
War
30%
How long did the Hundred Years' War last? 116 years
19%
Name the Four Horsemen of the Apocalypse Conquest
7%
No matching quizzes found
Score Distribution
Percent of People with Each Score
Percentile by Number Answered
Your Score History
You have not taken this quiz